|
|
|
|
| LEADER |
00901nam a2200205 a 4500 |
| 001 |
00023635 |
| 008 |
111011s2002 ne 000 0 eng |
| 020 |
|
|
|a 9632024184
|
| 040 |
|
|
|a BD-DhAAL
|c BD-DhAAL
|
| 082 |
0 |
0 |
|a 372.21
|2 21
|
| 245 |
0 |
0 |
|a Better parenting initiatives :
|b presentations and report of the Third Meeting of the Central and Eastern European Early Childhood Care and Development Network, November 2001 /
|c editors Marta Korintus, Krisztina Arato
|
| 260 |
|
|
|a Budapest :
|b Karoly Czibere,
|c 2002
|
| 300 |
|
|
|a 144 p. ;
|c 25 cm.
|
| 541 |
|
|
|e 00023635
|
| 650 |
|
0 |
|a Early childhood development.
|
| 700 |
1 |
|
|a Korintus, Marta
|
| 700 |
1 |
|
|a Arato, Krisztina
|
| 852 |
1 |
|
|a Ayesha Abed Library
|c General shelf.
|
| 999 |
|
|
|c 11314
|d 11314
|
| 952 |
|
|
|0 0
|1 0
|2 ddc
|4 0
|6 372_210000000000000_BET
|7 0
|9 18382
|a BRACUL
|b BRACUL
|c GEN
|d 2011-10-11
|e IED, BU
|l 3
|m 4
|o 372.21 BET
|p 3010023635
|r 2019-08-07
|s 2019-07-30
|t 1
|w 2011-10-11
|y BK
|